[Event "AUT-chT2W 1617"]
[Site "Austria"]
[Date "2017.03.03"]
[Round "9.4"]
[White "Mueller, Philipp"]
[Black "Maiwald, Jens Uwe"]
[Result "1/2-1/2"]
[WhiteElo "2180"]
[BlackElo "2448"]
[PlyCount "142"]
[EventDate "2016.10.28"]
[EventType "team-tourn"]
[EventRounds "11"]
[EventCountry "AUT"]
[SourceTitle "CBM 177 Extra"]
[Source "ChessBase"]
[SourceDate "2017.04.27"]
[SourceVersion "1"]
[SourceVersionDate "2017.04.27"]
[SourceQuality "1"]
[WhiteTeam "Goetzis II"]
[BlackTeam "Zillertal"]
[WhiteTeamCountry "AUT"]
[BlackTeamCountry "AUT"]

1. e4 g6 2. d4 Bg7 3. Nc3 d6 4. Bg5 a6 5. Nf3 Nd7 6. Qd2 c5 7. dxc5 Nxc5 8. h3 Be6 9. Nd4 Rc8 10. Be2 Qa5 11. Be3 Nf6 12. 0-0 Qc7 13. Bf3 0-0 14. Nxe6 fxe6 15. Bh6 Bxh6 16. Qxh6 Qb6 17. Rab1 Ncd7 18. Be2 Qd4 19. Qh4 b5 20. a3 Ne5 21. Rbd1 Qa7 22. Kh1 Nc4 23. Bxc4 Rxc4 24. f3 Qc5 25. Rd3 d5 26. Qe1 d4 27. Ne2 Rxc2 28. Nxd4 Rxb2 29. Nxe6 Qc2 30. Nf4 Rc8 31. Qd1 g5 32. Qxc2 Rcxc2 33. Rd8+ Kg7 34. Nd3 Rb3 35. Nb4 Re2 36. Nxa6 Nh5 37. Rg1 Ng3+ 38. Kh2 Rxf3 39. Rd5 h6 40. Re1 Nf1+ 41. Kg1 Rxe1 42. gxf3 Ne3+ 43. Kf2 Nxd5 44. Kxe1 Nc3 45. Nb4 Nb1 46. Nc2 Kf6 47. Kf2 Ke5 48. Kg3 h5 49. Kf2 Nd2 50. Kg3 Nc4 51. Kf2 h4 52. Ke2 Kd6 53. Kd3 Kc5 54. Kc3 Nxa3 55. Nd4 b4+ 56. Kd3 Kd6 57. f4 gxf4 58. Nf5+ Kd7 59. Nxh4 e5 60. Nf3 Ke6 61. h4 Nb5 62. Ng5+ Kf6 63. Kc4 Nd4 64. Kxb4 Kg6 65. Kc3 Kh5 66. Kd2 Kxh4 67. Nf7 f3 68. Ke1 Nc6 69. Kf2 Kg4 70. Nd6 Kg5 71. Nc4 Nd4 1/2-1/2

[Event "Stuttgart-chA int"]
[Site "Ditzingen"]
[Date "2014.05.30"]
[Round "5"]
[White "Viehoff, Juergen"]
[Black "Mueller, Philipp"]
[Result "0-1"]
[WhiteElo "1848"]
[BlackElo "2063"]
[PlyCount "80"]
[EventDate "2014.05.29"]
[EventType "swiss"]
[EventRounds "7"]
[EventCountry "GER"]
[SourceTitle "EXT 2015"]
[Source "ChessBase"]
[SourceDate "2014.11.20"]
[SourceVersion "1"]
[SourceVersionDate "2014.11.20"]
[SourceQuality "1"]

1. d4 Nf6 2. Nf3 d5 3. e3 c5 4. c3 g6 5. dxc5 Bg7 6. Bb5+ Bd7 7. Bxd7+ Qxd7 8. Ne5 Qc7 9. Qa4+ Kf8 10. Qf4 Na6 11. Nd3 Qxf4 12. exf4 Ne4 13. b4 d4 14. f3 Nxc3 15. Nxc3 dxc3 16. Be3 Rd8 17. 0-0-0 Bd4 18. Bxd4 Rxd4 19. a3 Nc7 20. Rhe1 Nd5 21. Re4 Rxe4 22. fxe4 Ne3 23. Re1 Nxg2 24. Re2 Nh4 25. Kc2 e6 26. Kxc3 g5 27. b5 Ke7 28. fxg5 Rg8 29. Rd2 Nf3 30. Rd1 Nxg5 31. Nf2 Nf3 32. h3 Ne5 33. a4 Rg3+ 34. Kb4 Rf3 35. Ng4 Nd3+ 36. Ka5 Nxc5 37. b6 Rb3 38. Rd7+ Nxd7 39. bxa7 b6+ 40. Ka6 Nc5# 0-1

[Event "GER-chA U25"]
[Site "Oberhof"]
[Date "2011.06.15"]
[Round "6"]
[White "Weber, Max"]
[Black "Mueller, Philipp"]
[Result "1-0"]
[WhiteElo "2023"]
[BlackElo "2035"]
[PlyCount "35"]
[EventDate "2011.06.11"]
[EventType "swiss"]
[EventRounds "9"]
[EventCountry "GER"]
[SourceTitle "CBM 142 Extra"]
[Source "ChessBase"]
[SourceDate "2011.06.27"]
[SourceVersion "1"]
[SourceVersionDate "2011.06.27"]
[SourceQuality "1"]

1. d4 d5 2. c4 c6 3. Nf3 dxc4 4. e3 Be6 5. Qc2 Na6 6. Bd2 Qb6 7. Ng5 Nb4 8. Bxb4 Qxb4+ 9. Nd2 Bg4 10. Bxc4 e6 11. Nxf7 Kxf7 12. h3 Bxh3 13. Rxh3 Nf6 14. 0-0-0 Bd6 15. Nf3 h6 16. Nh4 Rhe8 17. Rf3 Be7 18. Qg6+ 1-0

[Event "GER-chA U25"]
[Site "Oberhof"]
[Date "2011.06.14"]
[Round "4"]
[White "Mueller, Philipp"]
[Black "Pererva, Viktor"]
[Result "1-0"]
[WhiteElo "2035"]
[BlackElo "1956"]
[PlyCount "71"]
[EventDate "2011.06.11"]
[EventType "swiss"]
[EventRounds "9"]
[EventCountry "GER"]
[SourceTitle "CBM 142 Extra"]
[Source "ChessBase"]
[SourceDate "2011.06.27"]
[SourceVersion "1"]
[SourceVersionDate "2011.06.27"]
[SourceQuality "1"]

1. e4 e5 2. Nf3 Nc6 3. Bc4 Nf6 4. Ng5 d5 5. exd5 Na5 6. Bb5+ c6 7. dxc6 bxc6 8. Bd3 Nd5 9. Nf3 Bd6 10. 0-0 Nf4 11. Re1 Nxd3 12. cxd3 0-0 13. Qa4 Ba6 14. b4 Bxd3 15. Qxa5 Qxa5 16. bxa5 e4 17. Ng5 h6 18. Nh3 g5 19. Ba3 c5 20. f3 Be5 21. Nc3 Bd4+ 22. Nf2 e3 23. Rxe3 Bxe3 24. dxe3 Bf5 25. Bxc5 Rfc8 26. Bd4 Rc4 27. Nfe4 Bxe4 28. Nxe4 Ra4 29. Bc3 Rc8 30. Nf6+ Kf8 31. Nd5 Ke8 32. Bb4 f5 33. a3 Rc4 34. Rd1 Kf7 35. h3 Ke6 36. Rd3 1-0

[Event "GER-chA U25"]
[Site "Oberhof"]
[Date "2011.06.12"]
[Round "1"]
[White "Humburg, Philipp"]
[Black "Mueller, Philipp"]
[Result "1/2-1/2"]
[WhiteElo "1672"]
[BlackElo "2035"]
[PlyCount "31"]
[EventDate "2011.06.11"]
[EventType "swiss"]
[EventRounds "9"]
[EventCountry "GER"]
[SourceTitle "CBM 142 Extra"]
[Source "ChessBase"]
[SourceDate "2011.06.27"]
[SourceVersion "1"]
[SourceVersionDate "2011.06.27"]
[SourceQuality "1"]

1. d4 d5 2. c4 Nc6 3. e3 e5 4. cxd5 Qxd5 5. Nc3 Bb4 6. Bd2 Bxc3 7. bxc3 Qd6 8. Bb5 Nge7 9. Ne2 0-0 10. 0-0 Be6 11. Qc2 Rad8 12. f4 exd4 13. cxd4 Nb4 14. Bxb4 Qxb4 15. Rfb1 Qa3 16. Bd3 1/2-1/2

[Event "GER-ch U18"]
[Site "Oberhof"]
[Date "2010.05.28"]
[Round "8"]
[White "Mueller, Philipp"]
[Black "Kartsev, Alexandr"]
[Result "1-0"]
[WhiteElo "1911"]
[BlackElo "2082"]
[PlyCount "69"]
[EventDate "2010.05.22"]
[EventType "swiss"]
[EventRounds "9"]
[EventCountry "GER"]
[SourceTitle "CBM 136 Extra"]
[Source "ChessBase"]
[SourceDate "2010.07.02"]
[SourceVersion "2"]
[SourceVersionDate "2010.07.15"]
[SourceQuality "1"]

1. e4 d5 2. exd5 Nf6 3. d4 Nxd5 4. Nf3 Bg4 5. Be2 e6 6. 0-0 Be7 7. c4 Nb6 8. Nc3 0-0 9. Ne5 Bxe2 10. Qxe2 Qxd4 11. Nb5 Qd8 12. Rd1 Qc8 13. Bf4 Na6 14. a4 f6 15. Nf3 e5 16. Be3 Qe8 17. c5 Nd7 18. c6 bxc6 19. Qc4+ Kh8 20. Qxc6 Ndc5 21. Qxe8 Rfxe8 22. Rac1 Nxa4 23. Ra1 Red8 24. Rdb1 N6c5 25. b4 c6 26. Nc7 Nc3 27. bxc5 Nxb1 28. Rxb1 Rab8 29. Ra1 a5 30. g3 Rd7 31. Na6 Ra7 32. Nxb8 Rb7 33. Nxc6 Bf8 34. Nxa5 Ra7 35. c6 1-0

[Event "GER-ch U18"]
[Site "Oberhof"]
[Date "2010.05.27"]
[Round "7"]
[White "Schmitt, Philipp"]
[Black "Mueller, Philipp"]
[Result "0-1"]
[WhiteElo "2097"]
[BlackElo "1911"]
[PlyCount "78"]
[EventDate "2010.05.22"]
[EventType "swiss"]
[EventRounds "9"]
[EventCountry "GER"]
[SourceTitle "CBM 136 Extra"]
[Source "ChessBase"]
[SourceDate "2010.07.02"]
[SourceVersion "2"]
[SourceVersionDate "2010.07.15"]
[SourceQuality "1"]

1. e4 Nc6 2. d4 d5 3. Nc3 dxe4 4. d5 Ne5 5. Qd4 Ng6 6. Bc4 e5 7. Qxe4 Nf6 8. Qe2 Bc5 9. Bd2 0-0 10. 0-0-0 Qe7 11. Bg5 Nf4 12. Bxf4 exf4 13. Qxe7 Bxe7 14. f3 Bc5 15. Nge2 Be3+ 16. Kb1 Bd7 17. Nd4 a6 18. a4 Rfe8 19. Rd3 Re5 20. b4 c6 21. dxc6 bxc6 22. Nb3 Rb8 23. Ne4 Bf5 24. Nxf6+ gxf6 25. Rd6 Rxb4 26. Rxc6 Bc5 27. g4 Bg6 28. Rc8+ Kg7 29. h4 Rxc4 30. h5 Bxc2+ 31. Ka2 h6 32. Nd2 Rd4 33. Nb3 Bxb3+ 34. Kxb3 Re3+ 35. Kc2 Bb4 36. Rf1 Rd2+ 37. Kb1 Rb3+ 38. Kc1 Ra3 39. Kb1 Bc3 0-1

[Event "GER-ch U18"]
[Site "Oberhof"]
[Date "2010.05.25"]
[Round "5"]
[White "Meissner, Felix"]
[Black "Mueller, Philipp"]
[Result "1/2-1/2"]
[WhiteElo "2138"]
[BlackElo "1911"]
[PlyCount "58"]
[EventDate "2010.05.22"]
[EventType "swiss"]
[EventRounds "9"]
[EventCountry "GER"]
[SourceTitle "CBM 136 Extra"]
[Source "ChessBase"]
[SourceDate "2010.07.02"]
[SourceVersion "2"]
[SourceVersionDate "2010.07.15"]
[SourceQuality "1"]

1. e4 Nc6 2. d4 d5 3. e5 f6 4. f4 Bf5 5. Nf3 Qd7 6. Nbd2 Nb4 7. Bd3 Bxd3 8. cxd3 Nxd3+ 9. Kf1 Nxf4 10. Nb3 Ne6 11. Qd3 g6 12. h4 Nh6 13. h5 Nf5 14. Kf2 Nfg7 15. hxg6 h5 16. Bd2 c6 17. g4 Nd8 18. gxh5 Rxh5 19. exf6 exf6 20. Rae1+ Be7 21. Rxh5 Nxh5 22. Qe3 Qd6 23. Rg1 Ng7 24. Qh6 Nde6 25. Qh8+ Bf8 26. a3 0-0-0 27. Qh3 Kb8 28. Nh4 Nf4 29. Qf3 Nfh5 1/2-1/2

[Event "Leverkusen-ch op"]
[Site "Leverkusen"]
[Date "2010.02.01"]
[Round "2"]
[White "Cremerius, Armin"]
[Black "Mueller, Philipp"]
[Result "1/2-1/2"]
[WhiteElo "1647"]
[BlackElo "1386"]
[PlyCount "44"]
[EventDate "2010.01.18"]
[EventType "swiss"]
[EventRounds "7"]
[EventCountry "GER"]
[SourceTitle "EXT 2011"]
[Source "ChessBase"]
[SourceDate "2010.11.26"]
[SourceVersion "1"]
[SourceVersionDate "2010.11.26"]
[SourceQuality "1"]

1. d4 d5 2. Nf3 Nf6 3. e3 e6 4. Bd3 c5 5. c3 Nc6 6. 0-0 Bd6 7. Nbd2 0-0 8. Re1 Qc7 9. h3 cxd4 10. exd4 Bd7 11. Nf1 h6 12. Bb1 e5 13. dxe5 Nxe5 14. Nxe5 Bxe5 15. Qf3 Rfe8 16. Be3 d4 17. cxd4 Bc6 18. Qd1 Rad8 19. Bf5 Bf4 20. Rc1 Bxe3 21. Rxe3 Nd5 22. Rxe8+ Rxe8 1/2-1/2

[Event "Travemuende op 26th"]
[Site "Travemuende"]
[Date "2009.12.27"]
[Round "1"]
[White "Mueller, Philipp"]
[Black "Zakhartsov, Viacheslav V"]
[Result "0-1"]
[WhiteElo "1900"]
[BlackElo "2562"]
[PlyCount "64"]
[EventDate "2009.12.27"]
[EventType "swiss"]
[EventRounds "7"]
[EventCountry "GER"]
[SourceTitle "CBM 134 Extra"]
[Source "ChessBase"]
[SourceDate "2010.03.03"]
[SourceVersion "1"]
[SourceVersionDate "2010.03.03"]
[SourceQuality "1"]

1. e4 c5 2. Nf3 d6 3. d4 cxd4 4. Nxd4 Nf6 5. Nc3 a6 6. Be3 e5 7. Nb3 Be6 8. a4 Nbd7 9. Be2 Rc8 10. 0-0 Be7 11. Nc1 Rxc3 12. bxc3 Nxe4 13. Qe1 Qc7 14. Na2 0-0 15. Bd3 Nec5 16. a5 Qxa5 17. Nb4 Qc7 18. c4 Nb6 19. Nd5 Nxd5 20. cxd5 Bxd5 21. f3 Bf6 22. Rd1 Be6 23. f4 Re8 24. Kh1 Qc6 25. fxe5 Nxd3 26. cxd3 dxe5 27. Rxf6 gxf6 28. Bh6 Kh8 29. Qh4 Bd5 30. Rc1 Bxg2+ 31. Kg1 Qf3 32. h3 Bxh3 0-1

[Event "Verbandsliga Sued Baden 0607"]
[Site "Germany"]
[Date "2006.11.26"]
[Round "3.7"]
[White "Matovic, Daniel"]
[Black "Mueller, Philipp"]
[Result "1-0"]
[WhiteElo "1984"]
[BlackElo "2006"]
[PlyCount "69"]
[EventDate "2006.10.22"]
[EventType "team"]
[EventRounds "9"]
[EventCountry "GER"]
[SourceTitle "EXT 2008"]
[Source "ChessBase"]
[SourceDate "2007.11.25"]
[SourceVersion "1"]
[SourceVersionDate "2007.11.25"]
[SourceQuality "1"]
[WhiteTeam "Dreisamtal"]
[BlackTeam "Horben"]
[WhiteTeamCountry "GER"]
[BlackTeamCountry "GER"]

1. d4 Nf6 2. Nf3 e6 3. e3 b6 4. Bd3 Bb7 5. Qe2 d5 6. Nbd2 Ne4 7. Ne5 Nd7 8. Bb5 Nef6 9. Ndf3 Bd6 10. 0-0 0-0 11. b3 c5 12. Bb2 a6 13. Bd3 b5 14. dxc5 Nxc5 15. Nd2 Rc8 16. Rac1 b4 17. f4 Qa5 18. Ra1 Nxd3 19. cxd3 Rc2 20. Rfb1 Rfc8 21. Nef3 Qb6 22. Nd4 R2c7 23. N2f3 a5 24. Rc1 Ba6 25. Qd2 Nd7 26. Ne1 Nc5 27. Kh1 a4 28. Rab1 a3 29. Ba1 f6 30. Ndf3 Qb5 31. Rd1 Nd7 32. Nd4 Qb7 33. Nxe6 Rc6 34. Qe2 Re8 35. Qg4 1-0

[Event "Ulm/Neu Ulm-ch"]
[Site "Ulm/Neu Ulm"]
[Date "2006.11.03"]
[Round "4"]
[White "Mueller, Philipp"]
[Black "Schwab, Matthias"]
[Result "0-1"]
[WhiteElo "1768"]
[BlackElo "1931"]
[PlyCount "140"]
[EventDate "2006.09.22"]
[EventType "swiss"]
[EventRounds "7"]
[EventCountry "GER"]
[SourceTitle "EXT 2011"]
[Source "ChessBase"]
[SourceDate "2010.11.26"]
[SourceVersion "1"]
[SourceVersionDate "2010.11.26"]
[SourceQuality "1"]

1. e4 g6 2. d4 Bg7 3. Nc3 d6 4. f4 Nf6 5. Nf3 0-0 6. Bd3 Nc6 7. e5 dxe5 8. dxe5 Nd5 9. Nxd5 Qxd5 10. Qe2 Bg4 11. Be4 Qa5+ 12. Bd2 Qb6 13. Be3 Qb4+ 14. Bd2 Qxb2 15. 0-0 Bxf3 16. Qxf3 Qd4+ 17. Be3 Qa4 18. Bxc6 bxc6 19. Bc5 Rfd8 20. Bxe7 Rd2 21. Rad1 Qxc2 22. Rc1 Qxa2 23. Rxc6 Qd5 24. Qxd5 Rxd5 25. Rxc7 Bf8 26. Bf6 Rc5 27. Rc1 Rxc7 28. Rxc7 a5 29. Rc2 a4 30. g3 a3 31. Ra2 Rb8 32. e6 fxe6 33. Kg2 Rb3 34. Kh3 Kf7 35. Be5 Ke8 36. Bd4 Kd7 37. Kg4 Be7 38. Be5 h5+ 39. Kh3 Kc6 40. Rc2+ Kb5 41. Rc7 Bb4 42. Kh4 a2 43. Kg5 Bd6 44. Rc2 Ra3 45. Ba1 Ka4 46. Kxg6 Bb4 47. Kxh5 Kb3 48. Rb2+ Kc4 49. Rc2+ Kd3 50. Rf2 Bc3 51. Rf3+ Kc4 52. Rf1 Bxa1 53. Rxa1 Kb3 54. g4 Kb2 55. Rxa2+ Rxa2 56. h4 Kc3 57. Kg6 Kd4 58. f5 exf5 59. Kxf5 Rf2+ 60. Kg6 Ke5 61. g5 Rg2 62. h5 Kf4 63. h6 Rxg5+ 64. Kf7 Ra5 65. Kg8 Kg5 66. h7 Kg6 67. h8N+ Kf6 68. Kh7 Rg5 69. Kh6 Rg3 70. Kh7 Rg2 0-1